00417nam a2200145 a 4500020002700000020003000027082001400057100002300071245002900094250001700123260003900140300000900179650001300188856007000201 a0072334193 (hardcover) a9780072334197 (hardcover) a575.1 TAM1 aTamarin, Robert H.10aPrinciples of genetics / a7th Edition. a[S.l.] :bMcgraw-Hill (Tx),c2001. a608p agenetics40uhttp://www.amazon.com/exec/obidos/ASIN/0072334193/chopaconline-20